Statistiken für Alle Hero Karten in EA FC 24

Klicken Sie hier um das Quiz zu spielen!

Allgemein

  • Dieses Quiz wurde 48 mal gespielt
  • Das Durchschnittsergebnis liegt bei 41 aus 61

Antwortstatistiken

NationPositionLigaSpieler% Korrekt
DeutschlandIVBundesligaJürgen Kohler
92%
GhanaZOMLigua 1Abedi Pele
89%
SpanienSTLaLigaFernando Morientes
89%
NigeriaZOMPremier LeagueJay-Jay Okocha
89%
FrankreichLMLigua 1David Ginola
84%
FinnlandZOMEredivisieLari Litmanen
84%
DeutschlandSTBundesligaMario Gomez
84%
DeutschlandSTBundesligaRudi Völler
84%
BelgienIVPremier LeagueVincent Kompany
84%
BrasilienIVSerie ALucimar da Silva Ferreira
82%
IrlandSTPremier LeagueRobbie Keane
82%
ElfenbeinküsteZDMPremier LeagueYaya Touré
82%
BulgarienSTPremier LeagueDimitar Berbatov
79%
PolenTWPremier LeagueJerzy Dudek
76%
NigeriaMSPremier LeagueNwankwo Kanu
76%
NiederlandeZOMSerie AWesley Sneijder
76%
FrankreichLAVBundesligaBixente Lizarazu
74%
ArgentinienSTPremier LeagueCarlos Tévez
74%
AustralienLFPremier LeagueHarry Kewell
74%
EnglandRFPremier LeagueJoe Cole
74%
DeutschlandCMBundesliga(W)Nadine Keßler
74%
UruguaySTLaLigaDiego Forlán
71%
JapanZOMSerie AHidetoshi Nakata
71%
SüdkoreaLMPremier LeagueJi Sung Park
71%
BrasilienZDMPremier LeagueRamires
71%
ItalienSTSerie AAntonio Di Natale
68%
EnglandIVPremier LeagueLedley King
68%
SchwedenLMPremier LeagueFreddie Ljungberg
66%
NorwegenLVPremier LeagueJohn Arne Riise
66%
DeutschlandZOMBundesligaLars Ricken
66%
NorwegenSTPremier LeagueOle Gunna Solskjær
66%
ItalienZMSerie AClaudio Marchisio
63%
ArgentinienSTSerie ADiego Milito
63%
MexikoTWMLSJorge Campos
63%
PortugalLFLaLigaPaulo Futre
63%
MexikoIVLaLigaRafael Marquez
63%
Saudi ArabienSTSaudi LeagueSami Al-Jaber
63%
FrankreichSTLigue 1Sidney Govou
63%
NiederlandeZOMEredivisieDirk Kuyt
61%
KolumbienIVSerie AIván Córdoba
61%
ArgentinienIVLaLigaJavier Mascherano
61%
USAMSMLSLandon Donovan
61%
PortugalZOMSerie ARui Costa
61%
FrankreichLVD1 ArkemaSonia Bompastor
61%
SchwedenSTSerie ATomas Brolin
61%
TschechienZOMPremier LeagueTomáš Rosický
61%
RusslandZOMLaLigaAleksandr Mostovoi
58%
USAZOMMLSClint Dempsey
58%
FrankreichSTLigua 1Jean-Pierre Papin
58%
SpanienLVLaLigaJoan Capdevila
58%
EnglandRMPremier LeagueSteve McManaman
58%
PolenSTBundesligaWłOdzimierz Smolarek
58%
PortugalIVLiga PortugalRicardo Carvalho
55%
EnglandRVBarclays WSLAlax Scott
53%
EnglandSTPremier LeaguePeter Crouch
53%
Saudi ArabienRFSaudi LeagueSaeed Al Owairan
53%
ItalienSTSerie AGianluca Vialli
50%
AustralienSTPremier LeagueTim Cahill
50%
USALMMLSDaMarcus Beasley
45%
FrankreichRMLigue 1Ludovic Giuly
45%
UruguayMSLPFEnzo Francescoli
29%

Verteilung der Resultate

Perzentil nach korrekt beantworteten Fragen

Anzahl Personen mit jedem Resultat

Ihre Resultats-Entwicklung

Sie haben dieses Quiz noch nicht gespielt